00348pab a2200133 454500008004000000100001900040245006800059260000900127300001200136362000800148650002200156700001600178773002000194180718b2003 xxu||||| |||| 00| 0 eng d aDey, Parikshit aStock market reforms: macro economic perspectives and prospects c2003 ap.8-17. aMar aFinancial markets aSingh, J.P. aBusiness Review